Bird stories,
Saved in:
| 主要作者: | |
|---|---|
| 其他作者: | |
| 格式: | 图书 |
| 语言: | English |
| 出版: |
Boston,
The Atlantic Monthly Press
[c1921]
|
| 主题: | |
| 标签: |
添加标签
没有标签, 成为第一个标记此记录!
|
| LEADER | 00904cam a2200241I 4500 | ||
|---|---|---|---|
| 001 | 005299309-4 | ||
| 005 | 20020606095253.2 | ||
| 008 | 751017s1921 maua j b 000 0 eng | ||
| 010 | |a 21009390 | ||
| 035 | 0 | |a ocm01711234 | |
| 040 | |a DLC |c JPL |d SER |d HMZ | ||
| 050 | 0 | |a QL676 |b .P32 | |
| 100 | 1 | |a Patch, Edith M. |q (Edith Marion), |d 1876- | |
| 245 | 1 | 0 | |a Bird stories, |c by Edith M. Patch; with illustrations by Robert J. Sim. |
| 260 | |a Boston, |b The Atlantic Monthly Press |c [c1921] | ||
| 300 | |a xiii, [1] p., 1 ℓ., 211, [1] p. incl. front., illus. |c 20 cm. | ||
| 504 | |a "A book list": p. 208-211, [1] | ||
| 650 | 0 | |a Birds |x Juvenile literature. | |
| 655 | 7 | |a Juvenile works. |2 fast | |
| 700 | 1 | |a Sim, Robert J., |e illustrator. | |
| 776 | 0 | 8 | |i Online version: |a Patch, Edith M. (Edith Marion), 1876- |t Bird stories. |d Boston, The Atlantic Monthly Press [©1921] |w (OCoLC)903567476 |
| 988 | |a 20020608 | ||
| 906 | |0 DLC | ||


